| 000 | 00496nam a22001697a 4500 | ||
|---|---|---|---|
| 003 | OSt | ||
| 008 | 241223b2014 |||||||| |||| 00| 0 eng d | ||
| 020 | _a9788175973305 | ||
| 082 |
_a170.44 _bVIM-S |
||
| 100 | _aVimalananda, Swamini | ||
| 245 |
_aSadachara : _bvedantic look at daily practices / _cSwamini Vimalananda. |
||
| 260 |
_aMumbai : _bCentral Chinmaya Mission Trust, _c2014. |
||
| 300 | _aii, 162 p. ; | ||
| 650 | _aAdvaita | ||
| 650 | _aSadācāra (Śaṅkarācārya) | ||
| 942 |
_2ddc _cBK |
||
| 999 |
_c20733 _d20733 |
||